[Event "Wroclaw Anderssen Memorial op-B"]
[Site "Wroclaw"]
[Date "2023.??.??"]
[Round "1"]
[White "Misiek, Stanislaw"]
[Black "Kulczycka, Zofia"]
[Result "1-0"]
[WhiteElo "1817"]
[BlackElo "1472"]
[PlyCount "57"]
[EventDate "2023.08.06"]
[EventType "swiss"]
[EventRounds "9"]
[EventCountry "POL"]
[SourceTitle "EXT 2024"]
[Source "ChessBase"]
[SourceDate "2023.10.10"]
[SourceVersion "1"]
[SourceVersionDate "2023.10.10"]
[SourceQuality "1"]

1. e4 c5 2. Nf3 Nc6 3. Bb5 g6 4. 0-0 Bg7 5. Bxc6 bxc6 6. Re1 Nf6 7. e5 Nd5 8. Nc3 0-0 9. d3 Rb8 10. Ne4 d6 11. h3 Bf5 12. Ned2 Nb6 13. a4 Qc7 14. Nb3 Be6 15. c4 h6 16. Bf4 Nd7 17. d4 dxe5 18. Nxe5 Nxe5 19. Nxc5 Bxc4 20. Rxe5 Bxe5 21. Bxe5 Qa5 22. Qc1 g5 23. Bxb8 Rxb8 24. Qxc4 Rxb2 25. Nd3 Rd2 26. Qb4 Qxb4 27. Nxb4 Rxd4 28. Nxc6 Rd7 29. Kf1 1-0